[Event "Nova Gorica op 25th"]
[Site "Nova Gorica"]
[Date "2020.01.30"]
[Round "9"]
[White "Gregoric, Andraz"]
[Black "Gruden, Martina"]
[Result "1-0"]
[WhiteElo "2056"]
[BlackElo "1741"]
[PlyCount "111"]
[EventDate "2020.01.24"]
[EventType "swiss"]
[EventRounds "9"]
[EventCountry "SLO"]
[SourceTitle "CBM 194"]
[Source "ChessBase"]
[SourceDate "2020.01.27"]
[SourceVersion "1"]
[SourceVersionDate "2020.01.27"]
[SourceQuality "1"]

1. e4 e5 2. Nf3 Nf6 3. Nxe5 d6 4. Nf3 Nxe4 5. c4 Be7 6. Nc3 Nxc3 7. dxc3 0-0 8. Qc2 Nd7 9. Bd3 h6 10. Be3 Nb6 11. 0-0-0 Be6 12. b3 Qc8 13. Nd4 Bd7 14. Nf5 Bf6 15. g4 Bc6 16. Rhg1 Bf3 17. g5 hxg5 18. Bxg5 Qd8 19. Bh6 g6 20. Bxf8 Kxf8 21. Qd2 Bxd1 22. Qh6+ Ke8 23. Kxd1 Kd7 24. Ne3 Qh8 25. Qf4 c6 26. Ng4 Be7 27. Kc2 Qf8 28. a4 a5 29. Qd4 Kc7 30. Re1 Nd7 31. Qf4 Nc5 32. Nf6 Ne6 33. Qf3 Qg7 34. Ne4 Rd8 35. Qg3 Kc8 36. h4 Qh8 37. Ng5 Bxg5 38. hxg5 Qg7 39. f4 Nc5 40. f5 Nxd3 41. Qxd3 Kc7 42. f6 Qf8 43. c5 Rd7 44. Qg3 Kc8 45. Qg4 Kc7 46. Qf4 Kc8 47. Qg4 Kc7 48. Rd1 Qe8 49. Qf4 Qe6 50. c4 Qf5+ 51. Qxf5 gxf5 52. Rf1 dxc5 53. Rxf5 b6 54. g6 Rd8 55. g7 Kd6 56. Rh5 1-0

[Event "Nova Gorica op 25th"]
[Site "Nova Gorica"]
[Date "2020.01.26"]
[Round "5"]
[White "Gruden, Martina"]
[Black "Plata Fernandez, Diego"]
[Result "1-0"]
[WhiteElo "1741"]
[BlackElo "1647"]
[PlyCount "51"]
[EventDate "2020.01.24"]
[EventType "swiss"]
[EventRounds "9"]
[EventCountry "SLO"]
[SourceTitle "CBM 194"]
[Source "ChessBase"]
[SourceDate "2020.01.27"]
[SourceVersion "1"]
[SourceVersionDate "2020.01.27"]
[SourceQuality "1"]

1. e4 Nf6 2. e5 Nd5 3. d4 d6 4. Nf3 Bf5 5. c4 Nb6 6. Nc3 dxe5 7. Nxe5 N8d7 8. Bf4 Nxe5 9. Bxe5 c6 10. Be2 Nd7 11. Bf4 e6 12. 0-0 Be7 13. Re1 0-0 14. Bd3 Bxd3 15. Qxd3 Nf6 16. Rad1 Qd7 17. Re3 Rfd8 18. Rh3 g6 19. Qg3 a5 20. Bg5 Kg7 21. Rd3 a4 22. Qe5 Qd6 23. Bxf6+ Bxf6 24. Rxh7+ Kxh7 25. Qxf6 Kg8 26. Rh3 1-0

[Event "Nova Gorica op 25th"]
[Site "Nova Gorica"]
[Date "2020.01.24"]
[Round "1"]
[White "Olenik Campa, Rudi"]
[Black "Gruden, Martina"]
[Result "1-0"]
[WhiteElo "1968"]
[BlackElo "1741"]
[PlyCount "69"]
[EventDate "2020.01.24"]
[EventType "swiss"]
[EventRounds "9"]
[EventCountry "SLO"]
[SourceTitle "CBM 194"]
[Source "ChessBase"]
[SourceDate "2020.01.27"]
[SourceVersion "1"]
[SourceVersionDate "2020.01.27"]
[SourceQuality "1"]

1. e4 e5 2. Nf3 Nf6 3. Nxe5 d6 4. Nf3 Nxe4 5. Nc3 Nxc3 6. dxc3 Be7 7. Be3 0-0 8. Bd3 Nc6 9. Qd2 Ne5 10. Nxe5 dxe5 11. 0-0-0 c6 12. Qe2 Qa5 13. Kb1 b5 14. Bd2 Be6 15. c4 Qa6 16. Qe4 g6 17. Qxe5 c5 18. Rhe1 Qd6 19. Qxd6 Bxd6 20. cxb5 Bc7 21. h3 Rab8 22. c4 Rfd8 23. Kc2 Rd7 24. Be3 Ba5 25. Rf1 Bb6 26. g4 Kg7 27. f4 f6 28. f5 Bf7 29. fxg6 hxg6 30. Bd2 Rbb7 31. Bc3 Bd8 32. g5 Rd6 33. Be4 Rxd1 34. Rxd1 Rb8 35. Rxd8 1-0